W Jakich kolorach są znaki drogowe - Statystyki

Ogólne statystyki
  • Ten quiz został rozwiązany 289 razy
  • Średni wynik to 5 z 5
Statystyki odpowiedzi
Odpowiedź % Poprawnych
Niebieski
99%
Czerwony
98%
Żółty
97%
Biały
95%
Zielony
76%
Nie znaleziono quizów pasujących do podanych kryteriów
Rozkład punktacji
Procent ludzi z każdym wynikiem
Percentyl według liczby udzielonych odpowiedzi
Twoja historia wyników
Nie rozwiązałeś tego quizu